Costa Rica: indicadores socioeconómicos de la crisis /
El artículo selecciona, sintetiza y describe las estadísticas presentadas en fuentes oficiales, de indicadores socioeconómicos que permiten una visión precisa de las manifestaciones de la crisis. La información se agrupa en ocho secciones: producción, empleo, formación bruta de capital, precios sala...
Guardado en:
| 主要作者: | |
|---|---|
| 其他作者: | |
| 格式: | Texto |
| 主題: | |
| 標簽: |
添加標簽
沒有標簽, 成為第一個標記此記錄!
|
MARC
| LEADER | 00000 a a2200000 04500 | ||
|---|---|---|---|
| 001 | 14657 | ||
| 003 | |||
| 040 | |||
| 100 | |a Sobrado, Miguel | ||
| 245 | |a Costa Rica: |b indicadores socioeconómicos de la crisis / |c Miguel Sobrado ; Miguel Gutiérrez Saxe | ||
| 520 | |a El artículo selecciona, sintetiza y describe las estadísticas presentadas en fuentes oficiales, de indicadores socioeconómicos que permiten una visión precisa de las manifestaciones de la crisis. La información se agrupa en ocho secciones: producción, empleo, formación bruta de capital, precios salarios, gasto público, balanza de pago y tipo de cambio, petróleo y derivados, deuda externa y su servicio. Se hace referencia, en algunas ocasiones, a información del principio de la década de los setenta, aunque el énfasis del artículo es el segundo lustro de los setenta y principios de los ochenta. HMBQ/HMBQ | ||
| 650 | |a PUB.IIS | ||
| 650 | |a PRODUCCION | ||
| 650 | |a SALARIOS | ||
| 650 | |a PRECIOS | ||
| 650 | |a DEUDA EXTERNA | ||
| 650 | |a GASTOS PUBLICOS | ||
| 650 | |a PETROLEO | ||
| 650 | |a EMPLEO | ||
| 650 | |a TIPO DE CAMBIO | ||
| 650 | |a CRISIS | ||
| 650 | |a PRODUCCION | ||
| 650 | |a SALARIOS | ||
| 650 | |a PRECIOS | ||
| 650 | |a DEUDA EXTERNA | ||
| 650 | |a GASTOS PUBLICOS | ||
| 650 | |a PETROLEO | ||
| 650 | |a EMPLEO | ||
| 650 | |a TIPO DE CAMBIO | ||
| 650 | |a CRISIS | ||
| 700 | |a Gutiérrez Saxe, Miguel | ||
| 773 | |g número 24; páginas 19-32 | ||
| 999 | |c 30882 |d 30882 | ||
| 773 | 0 | |0 18728 |9 4443 |a Universidad de Costa Rica. |d San José, Costa Rica Editorial UCR 1959- |o 16779 |t Revista de Ciencias Sociales/ |x 04825276 | |
